| 000 | 00831cam a2200217 4500 | ||
|---|---|---|---|
| 001 | B1162 | ||
| 008 | 090401t1986 xxu||||| |||| 00| 0 eng d | ||
| 035 | _a(Sirsi) u42904 | ||
| 041 | _aeng | ||
| 050 | _a526.9 | ||
| 090 | _aRICS 1986/65ABC | ||
| 110 |
_aRoyal Institution of Chartered Surveyors _94900 |
||
| 245 | 4 | _aThe land surveyor and the architect. Meeting at RICS 19 March 1986 | |
| 260 | _c1986 | ||
| 300 | _a4 papers bound in 1 vol. | ||
| 350 | _a0 | ||
| 520 | _aPapers by: Quick,Kevin , Leonard,John , Edwards,David and Fidler,A.S. . Topics of papers cover ways in which architects can use the services of land surveyors , including CAD and the new RICS specification for surveys ... at scales of 1:500 and larger. | ||
| 710 |
_aRoyal Institute of British Architects _92527 |
||
| 942 | _n0 | ||
| 948 | _c04/03/1997 | ||
| 999 |
_c91202 _d91202 |
||